Reminders for People of Understanding (Record no. 7014)
[ view plain ]
| 000 -LEADER | |
|---|---|
| fixed length control field | 00382 a2200145 4500 |
| 082 ## - DEWEY DECIMAL CLASSIFICATION NUMBER | |
| Classification number | 213 |
| 090 ## - LOCALLY ASSIGNED LC-TYPE CALL NUMBER (OCLC); LOCAL CALL NUMBER (RLIN) | |
| -- | 3098 |
| -- | 3098 |
| 100 ## - MAIN ENTRY--PERSONAL NAME | |
| Personal name | Imtiaz Ahmad |
| 245 ## - TITLE STATEMENT | |
| Title | Reminders for People of Understanding |
| Medium | Imtiaz Ahmad |
| 260 ## - PUBLICATION, DISTRIBUTION, ETC. | |
| Place of publication, distribution, etc. | Islamabad: |
| Name of publisher, distributor, etc. | Instant Print system, |
| Date of publication, distribution, etc. | 2003. |
| 300 ## - PHYSICAL DESCRIPTION | |
| Extent | 128 p.; |
| Dimensions | 24 cm. |
| 500 ## - GENERAL NOTE | |
| General note | Includes Index |
| 650 ## - SUBJECT ADDED ENTRY--TOPICAL TERM | |
| Topical term or geographic name entry element | Islamic propagation. |
| 942 ## - ADDED ENTRY ELEMENTS (KOHA) | |
| Koha item type | Book |
| Call number prefix | 213 IMT |
| Withdrawn status | Lost status | Damaged status | Not for loan | Collection code | Permanent Location | Current Location | Shelving location | Date acquired | Source of acquisition | Cost, normal purchase price | Total Checkouts | Full call number | Barcode | Date last seen | Price effective from | Koha item type | Date last checked out |
|---|---|---|---|---|---|---|---|---|---|---|---|---|---|---|---|---|---|
| Central Library (CL) | Central Library (CL) | General Stacks | 05/20/2005 | Al-Masood Publication | 30.00 | 213 IMT | SEECS005733 | 11/14/2012 | 01/05/2017 | Book | |||||||
| Central Library (CL) | Central Library (CL) | General Stacks | 05/20/2005 | Al-Masood Publication | 30.00 | 213 IMT | SEECS005728 | 11/14/2012 | 01/05/2017 | Book | |||||||
| Central Library (CL) | Central Library (CL) | General Stacks | 05/20/2005 | Al-Masood Publication | 30.00 | 213 IMT | SEECS005726 | 11/14/2012 | 01/05/2017 | Book | |||||||
| Central Library (CL) | Central Library (CL) | General Stacks | 05/20/2005 | Al-Masood Publication | 30.00 | 1 | 213 IMT | SEECS005727 | 12/01/2014 | 01/05/2017 | Book | 09/10/2014 | |||||
| Central Library (CL) | Central Library (CL) | General Stacks | 05/20/2005 | Al-Masood Publication | 30.00 | 213 IMT | SEECS005729 | 11/14/2012 | 01/05/2017 | Book | |||||||
| Central Library (CL) | Central Library (CL) | General Stacks | 05/20/2005 | Al-Masood Publication | 30.00 | 213 IMT | SEECS005725 | 11/14/2012 | 01/05/2017 | Book | |||||||
| Central Library (CL) | Central Library (CL) | General Stacks | 05/20/2005 | Al-Masood Publication | 30.00 | 213 IMT | SEECS005731 | 11/14/2012 | 01/05/2017 | Book | |||||||
| Central Library (CL) | Central Library (CL) | General Stacks | 05/20/2005 | Al-Masood Publication | 30.00 | 213 IMT | SEECS005730 | 11/14/2012 | 01/05/2017 | Book |
